Estadísticas para La música en la Antigüedad Clásica

Haz click aquí para intentar la prueba.

Estadísticas generales

  • Esta prueba ha sido intentada 34 veces
  • La puntuación promedio es 11 de 26

Estadísticas de respuestas

PreguntaRespuesta% Correcto
Los restos conservados de la música griega antigua forman el corpus más extenso de música interpretable de la Antigüedad.Verdadero
63%
¿Cuál de las siguientes etapas de la periodización de la historia de la Grecia antigua es más reciente?Época helenística
60%
En el pensamiento de la antigua Grecia, la música:Era una actividad fundamental en la educación de niños y jóvenes, al igual que la gimnasia.
60%
La idea de que la música podía modelar el comportamiento de una persona se conoce como:La teoría del ethos
53%
La unión de varios tetracordos del mismo género es:Un sistema
50%
El Aulós estaba asociado al culto a:Dionisio
47%
¿Cómo se llamaban los cantos dedicados a Dionisio?Ditirambo
47%
El instrumento que consta de un caparazón de tortuga, cuernos de cabra, 7 cuerdas y cuya inversión se atribuye a Hermes es:La lira
47%
¿Qué nombre recibe la versión romana del aulós?Tibia
47%
La creencia en que los astros, en su movimiento a través del espacio, producían sonidos que se combinan para formar música se conoce como:La armonía de las esferas.
43%
En el pensamiento de la antigua Grecia, la música:Se consideró parte de las matemáticas
43%
Un conjunto de cuatro notas con distancia de cuarta justa entre las notas extremas es:Un tetracordo
43%
Si una cuerda tocada al aire produce una nota determinada, si se pulsa en su centro y se hace vibrar la mitad de la cuerda, sonará su:
40%
La lira estaba asociada al culto a:Apolo
40%
¿Quién desarrolló la teoría del ethos en el s. V a.C.?Damón
40%
La cítaraEra una especie de lira de mayor tamaño
40%
¿Cómo se llamaban los cantos nupciales?Himeneo
40%
¿Cómo se llamaban los cantos fúnebres?Treno
37%
¿Cómo se llamó, en la antigua Roma, a la trompa circular con forma de G?Cornu
33%
El instrumento principal de viento en la antigua Grecia es:El aulós
33%
¿Cuándo apareció, aproximadamente, la notación musical en la antigua Grecia?En el siglo III a.C.
33%
¿Cómo se llamaban los cantos dedicados a Apolo?Peán
33%
¿En qué etapa se desarrolla de forma definitiva la teoría musical griega y la notación musical?Época helenística
30%
¿Cuántas especies de octava había?Siete
30%
Los tres intervalos básicos de la música griega:Corresponden a tres proporciones simples.
27%
¿Cómo se llamó, en la antigua Roma, a la trompeta recta u de gran longitud?Tuba
20%

Distribución de puntuación

Porcentaje por número respondido

Porcentaje de gente con cada puntuación

Historial de tus puntuaciones

No has intentado esta prueba.